000 00722nam a2200253Ia 4500
003 OSt
005 20220925210636.0
006 a|||||r|||| 00| 0
007 ta
008 220923b |||||||| |||| 00| 0 eng d
020 _a0877458251
037 _cGeneral Book
040 _aRTL
_cRTL
_beng
041 _2eng
_aeng
082 _aY9(T4).73.P, P3
100 _aFreedman James O
_9272866
245 0 _aLiberal education and the public interest
260 _aIowa
_bUniversity of Iowa Press
_c2003
300 _axiii, 146p
_ccm.
500 _aBibliography: P 133-36
650 _aSociology of Education
942 _hY9(T4).73.P, P3
_cGB
_2CC
999 _c555695
_d555695